Developmental psychology : (Record no. 5474)
[ view plain ]
| 000 -LEADER | |
|---|---|
| fixed length control field | 01645cam a22003494i 4500 |
| 001 - CONTROL NUMBER | |
| control field | 17374589 |
| 003 - CONTROL NUMBER IDENTIFIER | |
| control field | OSt |
| 005 - DATE AND TIME OF LATEST TRANSACTION | |
| control field | 20260123123741.0 |
| 008 - FIXED-LENGTH DATA ELEMENTS--GENERAL INFORMATION | |
| fixed length control field | 120705s2014 caua b 001 0 eng |
| 010 ## - LIBRARY OF CONGRESS CONTROL NUMBER | |
| LC control number | 2012943667 |
| 020 ## - INTERNATIONAL STANDARD BOOK NUMBER | |
| International Standard Book Number | 9781111834524 |
| 035 ## - SYSTEM CONTROL NUMBER | |
| System control number | 17374589 |
| 040 ## - CATALOGING SOURCE | |
| Language of cataloging | eng |
| Transcribing agency | Foundation University |
| Description conventions | rda |
| 042 ## - AUTHENTICATION CODE | |
| Authentication code | pcc |
| 050 00 - LIBRARY OF CONGRESS CALL NUMBER | |
| Classification number | BF 721 |
| Item number | .2014 S53 |
| 100 1# - MAIN ENTRY--PERSONAL NAME | |
| Personal name | Shaffer, David R. |
| Fuller form of name | (David Reed), |
| Dates associated with a name | 1946- |
| 9 (RLIN) | 14377 |
| 245 10 - TITLE STATEMENT | |
| Title | Developmental psychology : |
| Remainder of title | childhood and adolescence / |
| Statement of responsibility, etc. | David Shaffer, University of Georgia, Katherine Kipp, University of North Georgia. |
| 250 ## - EDITION STATEMENT | |
| Edition statement | 9th edition. |
| 264 #1 - PRODUCTION, PUBLICATION, DISTRIBUTION, MANUFACTURE, AND COPYRIGHT NOTICE | |
| Place of production, publication, distribution, manufacture | Belmont, CA, USA : |
| Name of producer, publisher, distributor, manufacturer | Wadsworth Cengage Learning, |
| Date of production, publication, distribution, manufacture, copy right date | [2014] |
| Copyright Date | 2014. |
| 300 ## - PHYSICAL DESCRIPTION | |
| Extent | xxvii, 600 pages : |
| Other physical details | color illustrations ; |
| Dimensions | 29 cm |
| Materials specified | resource |
| Type of unit | volume |
| 336 ## - CONTENT TYPE | |
| Content type term | text |
| Content type code | txt |
| Source | rdacontent |
| 337 ## - MEDIA TYPE | |
| Media type term | unmediated |
| Media type code | n |
| Source | rdamedia |
| 338 ## - CARRIER TYPE | |
| Carrier type term | volume |
| Carrier type code | nc |
| Source | rdacarrier |
| Materials specified | resource |
| 500 ## - GENERAL NOTE | |
| General note | "This textbook includes access to a specialized InfoTrac collection of journal articles and reference materials uniquely matched to accompany this book. Visit http://go.cengage.com/infotrac to learn more"--Cover page 4. |
| 504 ## - BIBLIOGRAPHY, ETC. NOTE | |
| Bibliography, etc. note | Includes bibliographical references (pages R-1-R-42) and index. |
| 650 #0 - SUBJECT ADDED ENTRY--TOPICAL TERM | |
| Topical term or geographic name entry element | Child psychology |
| Form subdivision | Textbooks. |
| 9 (RLIN) | 14378 |
| 650 #0 - SUBJECT ADDED ENTRY--TOPICAL TERM | |
| Topical term or geographic name entry element | Adolescent psychology |
| Form subdivision | Textbooks. |
| 9 (RLIN) | 14379 |
| 658 ## - INDEX TERM--CURRICULUM OBJECTIVE | |
| Main curriculum objective | Psychology, Bachelor of Science in. |
| 700 1# - ADDED ENTRY--PERSONAL NAME | |
| Personal name | Kipp, Katherine. |
| 9 (RLIN) | 14380 |
| Relator term | author |
| 856 ## - ELECTRONIC LOCATION AND ACCESS | |
| Uniform Resource Identifier | <a href="https://drive.google.com/file/d/1BKQhxbxHpQoMHDLm24D4W6XfQsYiffCn/view?usp=sharing">https://drive.google.com/file/d/1BKQhxbxHpQoMHDLm24D4W6XfQsYiffCn/view?usp=sharing</a> |
| Link text | Click here to view the table of content |
| 942 ## - ADDED ENTRY ELEMENTS (KOHA) | |
| Source of classification or shelving scheme | Library of Congress Classification |
| Koha item type | Books |
| Edition | 9th edition. |
| Classification part | BF 721 |
| Item part | .2014 S53 |
| Call number prefix | (CAS-Psy.) |
| Uniform Resource Identifier | Withdrawn status | Lost status | Source of classification or shelving scheme | Damaged status | Not for loan | Collection code | Home library | Current library | Shelving location | Date acquired | Source of acquisition | Total Checkouts | Full call number | Barcode | Date last seen | Price effective from | Koha item type | Accession Number |
|---|---|---|---|---|---|---|---|---|---|---|---|---|---|---|---|---|---|---|
| https://drive.google.com/file/d/1BKQhxbxHpQoMHDLm24D4W6XfQsYiffCn/view?usp=sharing | Library of Congress Classification | Non-fiction | Foundation University Library | Foundation University Library | CoArts & Sciences | 01/23/2026 | QT | (CAS-Psy.) BF 721 .2014 S53 | 0072026017017 | 01/23/2026 | 01/23/2026 | Books | CAS-Psy.-2026017 |
